000 00639nam a22002175a 4500
003 CO-ViMGA
005 20230915233141.0
008 090305s2008 sp g 000 0dspa d
020 _a9788467527216
040 _aCO-ViMGA
_bspa
_cCO-ViMGA
082 0 4 _a863.6 L69p
_bL69p
_221
100 1 _aLozano Garbaja, David,
_d1974-
_94704
245 1 3 _aLa puerta oscura. El viajero /
_cDavid Lozano.
246 1 3 _aEl viajero
260 _aMadrid :
_bEdiciones SM.,
_c2008.
300 _a653 p. ;
_c22 cm.
650 1 4 _aLiteratura espaƱola.
_9802
650 1 4 _aMuerte
_v Novela.
_92323
650 1 4 _aNovela espaƱola.
_9801
942 _2ddc
_cBK
999 _c35816
_d35816